Responses for Show #3392 - Tuesday, May 11, 1999

1999 College Championship semifinal game 2.
From the Rosemont Theatre in Rosemont, Illinois.

Contestants

[<< previous game]

Meg Audette, a junior at Wofford College from Ocala, Florida

Carolyn Cracraft, a junior at the University of Chicago from San Jose, California

Jason McClellan, a freshman at Texas A&M from Houston, Texas

[next game >>]

Jeopardy! Round responses

THE UNLUCKY 13th CENTURY
SWING TIME!
RUSSIAN CITIES
BEE HEALTHY
WEALTHY
"Y"s
    $100 10
Constantinople

Jason
    $100 2
Big Bad Voodoo Daddy

Jason
    $100 1
Moscow

Carolyn
    $100 30
drones

Meg
    $100 13
Queen Elizabeth II

Jason
    $100 29
Yankee Stadium

Meg
    $200 9
Genghis Khan

Meg
    $200 14
The Gap

Carolyn
    $200 3
Siberia

Carolyn
    $200 18
pollination

Carolyn
    $200 15
(Meg: What is Japan?)

Indonesia

Meg
Triple Stumper
    $200 23
(Jason: What is Yosemite?)

Yellowstone

Jason
Triple Stumper
    $300 8
Sicily

Meg
    $300 26
Brian Setzer

Meg
    $300 7
St. Petersburg

Carolyn
    $300 4
(Jason: What is a hornet?)

bumblebee

JasonMeg
    $300 17
Jean Paul Getty

Triple Stumper
    $300 20
[Arafat]

Yasser

Carolyn
    $400 6
pope

Jason
    $400 28
Squirrel Nut Zippers

Triple Stumper
    $400 11
Kiev

Jason
    $400 25
(Carolyn: What is 10?)
(Meg: What is 2?)

5

JasonCarolynMeg
    $400 21
IKEA

Carolyn
    $400 19
you

Carolyn
    $500 5
Egypt

Triple Stumper
    $200 27
(Meg: What is Pepsi?)

Royal Crown Revue

Meg
    $500 12
Chechnya

Jason
    $500 24
(and we have about a minute to go...)

Colonies

Triple Stumper
    $500 22
Euro Disney

Meg
    $500 16
yams

Jason

Scores at the first commercial break (after clue 15):

Jason Carolyn Meg
$1,300 $800 $600

Scores at the end of the Jeopardy! Round:

Jason Carolyn Meg
$2,000 $1,700 $1,000

Double Jeopardy! Round responses

SAUL BELLOW'S LIBRARY
(Alex: These are books that have been summarized by the noted author who is now the editor of "News from the Republic of Letters.")
WHO PLAYS 'EM?
COLLEGE FOUNDERS
PORK PRODUCTS?
THE DISCOVERY CHANNEL
IT ACTUALLY HAS A NAME
    $200 5
Great Expectations

Carolyn
    $200 21
(Carolyn: Who is...)

Neve Campbell (on Party of Five)

Carolyn
Triple Stumper
    $200 7
Miss Piggy

Carolyn
    $200 11
Cleopatra

Carolyn
    $200 23
(Alex: About a minute to go.)

a fork

Carolyn
    $400 3
Typhoon

Triple Stumper
    $400 18
Lisa Kudrow (on Friends)

Carolyn
    $400 8
pork barrel

Meg
    $400 12
lamas

Carolyn
    $400 22
a plunger

Carolyn
    $600 1
(Meg: What is The Brothers Karamazov?)

Crime and Punishment

Meg
    $600 6
Anthony Edwards (on ER)

Jason
    $1,000 28
[The end-of-round signal sounds.]

Rice

Carolyn
    $600 16
(Alex: So much for pork products with a question mark!)

Pork Chop Hill

Triple Stumper
    $600 13
(Meg: What is a sea otter?)
[Originally accepted as correct; reversed before the Daily Double at clue 28 because "that was not a sea otter in the clip"]

an otter

Meg
Triple Stumper
    $600 17
a fingernail

Carolyn
    $800 2
(Meg: What is South America?)

Africa

Meg
Triple Stumper
    $800 19
Ricky Schroder (on NYPD Blue)

Triple Stumper
    $800 27
Tufts

Triple Stumper
    $800 10
Jack Ham

Triple Stumper
    $800 14
(Carolyn: What are blue whales?)
(Meg: What are humpbacks?)

sperm whales

CarolynMeg
Triple Stumper
    $800 24
a coin

Triple Stumper
    $1000 4
Ivan Ilyich

Meg
    $1000 20
Lara Flynn Boyle (on The Practice)

Triple Stumper
    $1000 26
Creighton

Triple Stumper
    $1000 9
Sir Francis Bacon

Meg
    $1000 15
an oil rig

Triple Stumper
    $1000 25
letters

Carolyn

Scores at the end of the Double Jeopardy! Round:

Jason Carolyn Meg
$2,600 $5,300 $600
(lock game)

[wagering suggestions for these scores]

Final Jeopardy! Round responses

MONEY
MegWhat is Delaware?
$100
JasonWhat is Delaware
$2,600
CarolynWhat is Delaware?
$0
Delaware

Final scores:

Jason Carolyn Meg
$5,200 $5,300 $700
2nd place: $5,000 Finalist 3rd place: $5,000

Game dynamics:

Coryat scores:

Jason Carolyn Meg
$2,600 $4,900 $1,400
9 R,
2 W
18 R
(including 1 DD),
3 W
10 R,
7 W
(including 2 DDs)

Combined Coryat: $8,900

[game clues] [game scores] [suggest correction]

Game tape date: Unknown
The J! Archive is created by fans, for fans. Scraping, republication, monetization, and malicious use prohibited; this site may use cookies and collect identifying information. See terms. The Jeopardy! game show and all elements thereof, including but not limited to copyright and trademark thereto, are the property of Jeopardy Productions, Inc. and are protected under law. This website is not affiliated with, sponsored by, or operated by Jeopardy Productions, Inc. Join the discussion at JBoard.tv.